US State Flags Made from US Counties - Statistics

General Stats
  • This quiz has been taken 297 times
  • The average score is 31 of 50
Answer Stats
Picture Answer % Correct
Texas
94%
California
93%
Washington
93%
Colorado
89%
Alabama
84%
South Carolina
83%
Arizona
82%
Rhode Island
82%
Alaska
81%
Wyoming
78%
Arkansas
77%
Florida
77%
Hawaii
76%
Maryland
76%
New Mexico
76%
Ohio
76%
Indiana
73%
Louisiana
71%
Tennessee
70%
North Carolina
68%
Oregon
68%
Georgia
65%
Mississippi
65%
Oklahoma
63%
Pennsylvania
60%
Illinois
59%
Iowa
59%
Virginia
58%
Delaware
55%
Massachusetts
54%
South Dakota
53%
Connecticut
52%
Michigan
52%
New York
50%
Missouri
48%
New Jersey
48%
Nevada
45%
Kentucky
43%
Minnesota
43%
Nebraska
42%
Kansas
41%
Maine
40%
New Hampshire
40%
Vermont
40%
Wisconsin
40%
Montana
39%
Utah
39%
Idaho
35%
North Dakota
35%
West Virginia
35%
No matching quizzes found
Score Distribution
Percent of People with Each Score
Percentile by Number Answered
Your Score History
You have not taken this quiz